[Event "Mlada Boleslav Region-ch U20"]
[Site "Mlada Boleslav"]
[Date "2012.06.24"]
[Round "6"]
[White "Civin, Dominik"]
[Black "Kosicar, Lukas"]
[Result "1-0"]
[WhiteElo "1328"]
[BlackElo "1250"]
[PlyCount "53"]
[EventDate "2012.06.23"]
[EventType "swiss"]
[EventRounds "7"]
[EventCountry "CZE"]
[SourceTitle "EXT 2014"]
[Source "ChessBase"]
[SourceDate "2013.11.20"]
[SourceVersion "1"]
[SourceVersionDate "2013.11.20"]
[SourceQuality "1"]

1. e4 e6 2. d4 d5 3. exd5 exd5 4. Nf3 c5 5. Bb5+ Nc6 6. Bxc6+ bxc6 7. 0-0 cxd4 8. Nxd4 Qb6 9. Be3 Qxb2 10. Nd2 Rb8 11. Re1 Qb7 12. Bf4+ Be7 13. Bxb8 Qxb8 14. Nxc6 Qc7 15. Nxe7 Nxe7 16. Qe2 Be6 17. Rac1 Qa5 18. c4 Qxa2 19. cxd5 Qxd5 20. Nf3 0-0 21. h3 Nf5 22. Ng5 Nd4 23. Qe4 Qxe4 24. Rxe4 Nf5 25. Nxe6 Re8 26. Ng5 Kf8 27. Nxh7+ 1-0

[Event "Mlada Boleslav Region-ch U20"]
[Site "Mlada Boleslav"]
[Date "2012.06.23"]
[Round "4"]
[White "Tajovska, Martina"]
[Black "Kosicar, Lukas"]
[Result "1-0"]
[WhiteElo "1424"]
[BlackElo "1250"]
[PlyCount "47"]
[EventDate "2012.06.23"]
[EventType "swiss"]
[EventRounds "7"]
[EventCountry "CZE"]
[SourceTitle "EXT 2014"]
[Source "ChessBase"]
[SourceDate "2013.11.20"]
[SourceVersion "1"]
[SourceVersionDate "2013.11.20"]
[SourceQuality "1"]

1. e4 e6 2. d4 d5 3. exd5 exd5 4. Nc3 c5 5. Nf3 Nf6 6. Bb5+ Nc6 7. 0-0 a6 8. Bxc6+ bxc6 9. Re1+ Be6 10. Be3 cxd4 11. Qxd4 c5 12. Qa4+ Bd7 13. Bxc5+ Ne4 14. Qa3 Bxc5 15. Qxc5 Rc8 16. Qxd5 Bc6 17. Qxd8+ Rxd8 18. Nxe4 0-0 19. Nc3 Bxf3 20. gxf3 Rd2 21. Rac1 Rd6 22. Kh1 h6 23. Rcd1 Rb6 24. Na4 1-0